Normal view
MARC view
- Brooks , Harvay
Entry Personal Name
001 - CONTROL NUMBER
- control field: 6366
003 - CONTROL NUMBER IDENTIFIER
- control field: OSt
005 - DATE AND TIME OF LATEST TRANSACTION
- control field: 20241101134924.0
008 - FIXED-LENGTH DATA ELEMENTS
- fixed length control field: 241101|| aca||aabn | a|a d
040 ## - CATALOGING SOURCE
- Original cataloging agency: OSt
- Transcribing agency: OSt
100 ## - HEADING--PERSONAL NAME
- Personal name: Brooks , Harvay
670 ## - SOURCE DATA FOUND
- Source citation: Work cat.: (OSt)1833: Hollandar, Jack.M . 6365, Annual review of energy / , 1985.
